| 000 | 00527nam a22002177a 4500 | ||
|---|---|---|---|
| 005 | 20250219153205.0 | ||
| 008 | 220331b1996 xxu||||| |||| 00| 0 spa d | ||
| 020 | _a8428322619 | ||
| 041 | _aESP | ||
| 082 | _aR 537.03 R696d | ||
| 100 | _aRodríguez Roldán, Roberto | ||
| 245 | _aDiccionario de electricidad | ||
| 260 | _aEspaña | ||
| 260 | _bEditorial Paraninfo | ||
| 260 | _c1996 | ||
| 300 | _a229 páginas | ||
| 650 | _aDICCIONARIOS | ||
| 650 | _aELECTRÓNICA | ||
| 650 | _aELECTRICIDAD | ||
| 942 |
_cREF _2ddc |
||
| 999 |
_c13302 _d13302 |
||